| 000 | 00344nam a2200133Ia 4500 | ||
|---|---|---|---|
| 008 | 230524s9999 xx 000 0 und d | ||
| 020 | _a9789393165169 | ||
| 245 | 0 | _aGATE 2023 - Computer Science & Information Technology | |
| 250 | _a1 | ||
| 260 |
_aNew Delhi _bMade Easy _c2022 |
||
| 300 | _a775 | ||
| 500 | _aQuantity Number: 2 | ||
| 942 | _cBK | ||
| 999 |
_c60736 _d60736 |
||